Poema de la medicina / (Record no. 15969)

MARC details
000 -LEADER
campo de control de longitud fija 01355nam a2200313 i 4500
001 - NÚMERO DE CONTROL
campo de control 15969
003 - IDENTIFICADOR DE NÚMERO DE CONTROL
campo de control ES-MaACL
005 - FECHA Y HORA DE LA ÚLTIMA TRANSACCIÓN
campo de control 20250806012606.0
007 - CAMPO FIJO DE DESCRIPCIÓN FÍSICA--INFORMACIÓN GENERAL
campo de control de longitud fija t|
008 - DATOS DE LONGITUD FIJA--INFORMACIÓN GENERAL
campo de control de longitud fija 000530s1999 sp ||||0| spa j
020 ## - NÚMERO INTERNACIONAL ESTÁNDAR DEL LIBRO
Número Internacional Estándar del Libro 84-7846-838-2
040 ## - FUENTE DE CATALOGACIÓN
Centro catalogador/agencia de origen M-BN
Lengua de catalogación spa
Centro/agencia transcriptor M-BN
080 ## - NÚMERO DE LA CLASIFICACIÓN DECIMAL UNIVERSAL
Número de la Clasificación Decimal Universal 61(=927)
100 1# - ENTRADA PRINCIPAL--NOMBRE DE PERSONA
Nombre de persona Avicena.
9 (RLIN) 24038
245 10 - MENCIÓN DEL TÍTULO
Título Poema de la medicina /
Mención de responsabilidad, etc. Avicena (370-426 Hégira) = Urguza Fi T-Tibb / Al-Husayn Ibn Abd Allah Ibn Sina ; edición, introducción, traducción y notas, Najaty S. Jabary y Pilar Salamanca.
250 ## - MENCION DE EDICION
Mención de edición Edición bilingü[e] basada en la transcripción del manuscrito 1752 BN Alger
Resto de la mención de edición publicada por Henri Jahier y Abdelkader Noureddine en "Les Belles Lettres", París 1956.
260 ## - PUBLICACIÓN, DISTRIBUCIÓN, ETC.
Lugar de publicación, distribución, etc. [Valladolid] :
Nombre del editor, distribuidor, etc. Consejería de Educación y Cultura,
Fecha de publicación, distribución, etc. 1999.
300 ## - DESCRIPCIÓN FÍSICA
Extensión 227 p. :
Otras características físicas il. ;
Dimensiones 25 cm.
490 1# - MENCIÓN DE SERIE
Mención de serie Estudios de historia de la ciencia y de la técnica ;
Designación de volumen o secuencia 14
500 ## - NOTA GENERAL
Nota general Texto en árabe y traducción en español.
650 17 - PUNTO DE ACCESO ADICIONAL DE MATERIA--TÉRMINO DE MATERIA
Término de materia o nombre geográfico como elemento de entrada Medicina árabe
Fuente del encabezamiento o término embne
9 (RLIN) 14919
700 1# - ENTRADA AGREGADA--NOMBRE PERSONAL
Nombre de persona Jaraby, Najaty S.
9 (RLIN) 66097
700 1# - ENTRADA AGREGADA--NOMBRE PERSONAL
Nombre de persona Salamanca, Pilar.
9 (RLIN) 101706
710 1# - ENTRADA AGREGADA--NOMBRE DE ENTIDAD CORPORATIVA
Nombre de entidad corporativa o nombre de jurisdicción como elemento de entrada Castilla y León.
Unidad subordinada Consejería de Educación y Cultura.
9 (RLIN) 2500
830 0# - PUNTO DE ACCESO ADICIONAL DE SERIE-TÍTULO UNIFORME
Título uniforme Estudios de historia de la ciencia y de la técnica ;
Designación de volumen o secuencia 14
9 (RLIN) 179843
852 ## - LOCALIZACIÓN
Ubicación ES-MaACL
Número de control de estantería L-23231
Sublocalización o colección R.128236
Holdings
Estatus retirado Estado de pérdida Estado de daño No para préstamo Biblioteca de origen Biblioteca actual Ubicación en estantería Fecha de adquisición Fuente de adquisición Total de préstamos Signatura topográfica completa Código de barras Visto por última vez Precio de reemplazo Tipo de ítem Koha
        Biblioteca del Ateneo de Madrid Biblioteca del Ateneo de Madrid Depósito 2 17/01/2008     L-23231 1016230 23/02/2023 23/02/2023 Libro impreso